000
00215nam a2200085Ia 4500
245
0
_a
Hattie the bad
100
_a
DEVLIN, Jane London, 2009
_9
84336
942
_c
BK
008
210817s9999 xx 000 0 und d
999
_c
308877
_d
308876